000
00285nam a2200121Ia 4500
008
240624s9999 xx 000 0 und d
041
_a
eng
082
_a
823 ADI
100
_a
ADICHIE CHIMAMANDA NGOZI
245
_a
AMERICANAH
260
_c
2017
_a
London
_b
Harper Collins
365
_c
RS
999
_c
30218
_d
30218